000 00302cam a22000977a 4500
008 180718b1997 xxu||||| |||| 00| 0 eng d
100 _aBabbar, Gurucharan Singh
245 _aSarkari katleaam insaf "november 84"
_cby Gurucharan Singh Babbar
260 _aDelhi
_bBabbar Publlication
_c1997
300 _a218p.
999 _c440141
_d440141